Open Data Biblioteca Nacional de Portugal


República Portuguesa: Ministério da Cultura
Biblioteca Nacional de Portugal

Catálogo da BNP: acesso por Identificadores Unívocos
Registos Bibliográficos associados ao registo de autoridade

Etiqueta de registo: 00254nam 2200025 450
001 2287287
003 http://id.bnportugal.gov.pt/bib/catbnp/2287287
010 ## $a978-989-9216-50-1
021 ## $aPT$b563286/26
100 ## $a20260601d2026 m y0pory01030103ba
101 1# $apor$ceng
102 ## $aPT
105 ## $aa z 000yy
106 ## $ar
200 1# $a O preço dos inocentes$evidas roubadas numa terra sem escolha$fMaria Laurino$gtrad. Luís Filipe Pontes
205 ## $a1ª ed
210 #9 $aLisboa$cZigurate,$d 2026
215 ## $a295, [1] p.$d23 cm
304 ## $aTít. orig.: The price of children, stolen lives in a land without choice
700 #1 $aLaurino,$bMaria$31999755
702 #1 $aPontes,$bLuís Filipe$4730$31877790
801 #0 $aPT$bBN$gRPC
966 ## $lBN$mFGMON$x1
966 ## $lBN$mFGMON$x1
971 ## $corlando$d20260601

OpendataBNP@bnportugal.pt | Mais informação sobre acesso aos dados BNP